[Event "Titled Tue 17th Jun Late"]
[Site "chess.com INT"]
[Date "2025.06.17"]
[Round "9"]
[White "Demchenko, Anton"]
[Black "Maghsoodloo, Parham"]
[Result "0-1"]
[WhiteTitle "GM"]
[BlackTitle "GM"]
[WhiteElo "2619"]
[BlackElo "2691"]
[WhiteFideId "4160258"]
[BlackFideId "12539929"]
[EventDate "2025.06.17"]

1. e4 e5 2. Nf3 Nc6 3. Bc4 Bc5 4. d3 Nf6 5. Bg5 h6 6. Bh4 a5 7. c3 Be7 8. Bg3 d6
9. a4 O-O 10. Nbd2 g6 11. Nf1 Nh5 12. Ne3 Bg5 13. Nd5 Kg7 14. h3 f5 15. Bh2 fxe4
16. dxe4 Bf4 17. g4 Nf6 18. Bxf4 exf4 19. Nxf6 Qxf6 20. Qc2 Ne5 21. Nxe5 Qxe5
22. O-O-O Bd7 23. f3 Qe8 24. Bb3 b5 25. axb5 Bxb5 26. e5 a4 27. Bd5 c6 28. Ba2
d5 29. c4 dxc4 30. Qc3 Kh7 31. Rd6 Rf7 32. e6 Re7 33. Re1 Qh8 34. Rd7 Qxc3+ 35.
bxc3 Re8 36. Rd6 Kg7 37. Re4 g5 38. Re5 a3 39. Kd2 Rb8 40. Kc1 Kf6 41. Rf5+ Kg6
42. Bb1 Kg7 43. Re5 Ba4 44. Re4 Bb3 45. Rxc6 a2 46. Bxa2 Bxa2 47. Rc5 Rb1+ 48.
Kd2 Rh1 49. Rd5 Rxh3 50. Ke2 Bb1 51. Ree5 Bd3+ 52. Kf2 Kf6 0-1

[Event "Titled Tue 17th Jun Late"]
[Site "chess.com INT"]
[Date "2025.06.17"]
[Round "9"]
[White "Ismayilova, Khanim"]
[Black "Watanabe, Akira"]
[Result "0-1"]
[WhiteTitle "WCM"]
[BlackTitle "FM"]
[WhiteElo "1971"]
[BlackElo "2284"]
[WhiteFideId "13429019"]
[BlackFideId "7000227"]
[EventDate "2025.06.17"]

1. e4 c5 2. c3 d5 3. exd5 Qxd5 4. d4 Nf6 5. Nf3 e6 6. Be3 cxd4 7. cxd4 Nc6 8.
Nc3 Qd6 9. Bd3 Be7 10. O-O O-O 11. a3 b6 12. Rc1 Bb7 13. Qe2 Rad8 14. Rfd1 Rfe8
15. Nb5 Qb8 16. h3 Nd5 17. Nc3 Nf4 18. Bxf4 Qxf4 19. Ne4 Nxd4 20. Nxd4 Rxd4 21.
Ng3 Red8 22. Qh5 g6 23. Qe2 Bc5 24. b4 Bf8 25. Bc2 Rd2 26. Qe1 Bh6 27. Bb3 Qd4
28. Qe2 Rxe2 29. Rxd4 Rxd4 30. Nxe2 Bxc1 31. Nxd4 Bxa3 32. Nb5 Bxb4 33. Nxa7 Kg7
34. Nb5 Bc5 35. Kf1 Ba6 36. Bc4 Kf6 37. Ke2 Ke7 38. Kd3 Kd7 39. f3 Kc6 40. Nd4+
Kb7 41. Bxa6+ Kxa6 42. Kc4 Bxd4 43. Kxd4 Kb5 44. Kc3 Ka4 45. Kb2 Kb4 46. f4 b5
47. g3 f5 48. h4 h5 49. Kc2 Ka3 50. Kb1 b4 51. Ka1 Kb3 52. Kb1 Kc3 53. Ka2 Kc2
54. Ka1 b3 55. g4 b2+ 56. Ka2 b1=Q+ 0-1

[Event "Titled Tue 17th Jun Late"]
[Site "chess.com INT"]
[Date "2025.06.17"]
[Round "9"]
[White "Bluebaum, Matthias"]
[Black "Caruana, Fabiano"]
[Result "0-1"]
[WhiteTitle "GM"]
[BlackTitle "GM"]
[WhiteElo "2663"]
[BlackElo "2777"]
[WhiteFideId "24651516"]
[BlackFideId "2020009"]
[EventDate "2025.06.17"]

1. d4 d5 2. c4 e6 3. Nc3 Nf6 4. cxd5 exd5 5. Bg5 c6 6. e3 Be7 7. Bd3 Nbd7 8. h3
Nf8 9. Nf3 Ne6 10. Bh4 g6 11. Rb1 O-O 12. O-O a5 13. a3 Ng7 14. b4 Nf5 15. Bg5
Be6 16. Qc2 axb4 17. axb4 Rc8 18. Bf4 b5 19. Nd2 Nd6 20. Bxd6 Bxd6 21. Ne2 Nd7
22. e4 dxe4 23. Nxe4 Nf6 24. Nc5 Bd5 25. Nc3 Bb8 26. Nxd5 Qxd5 27. Rfd1 h5 28.
Be4 Qd6 29. g3 h4 30. Rb3 Nh5 31. gxh4 Rfe8 32. Kf1 Re7 33. Re3 Rce8 34. Rde1
Qh2 35. Qb3 Nf4 36. Rg3 Bd6 37. Qf3 Kh8 38. Rg4 Bc7 39. Qg3 Qxg3 40. fxg3 Nh5
41. Kg2 f5 42. Rxg6 fxe4 43. Rxc6 Bxg3 44. Rf1 Bf4 45. Kh1 Ng3+ 46. Kg2 Nxf1 47.
Kxf1 Rf8 48. Ke2 Rg8 49. Ne6 Bh6 50. Nc5 Kh7 51. d5 Rg2+ 52. Kf1 Reg7 53. Ne6
Rg1+ 54. Ke2 R7g2# 0-1

[Event "Titled Tue 17th Jun Late"]
[Site "chess.com INT"]
[Date "2025.06.17"]
[Round "9"]
[White "Damaraju, Ashwin"]
[Black "Rodrigues, Leonardo De Miranda"]
[Result "1-0"]
[WhiteElo "2084"]
[BlackElo "2111"]
[WhiteFideId "39908348"]
[BlackFideId "2108658"]
[EventDate "2025.06.17"]

1. e4 Nf6 2. e5 Nd5 3. d4 b5 4. Bxb5 c5 5. a4 cxd4 6. Qxd4 Bb7 7. Nf3 e6 8. Bg5
Qa5+ 9. Nbd2 Nc6 10. Qh4 h6 11. O-O Rg8 12. Be3 g5 13. Qh5 g4 14. Nc4 Qc7 15.
Nh4 a6 16. Nd6+ Bxd6 17. exd6 Qxd6 18. Bd3 Qe5 19. Nf5 exf5 20. Bb6 Nde7 21.
Rfe1 Qxb2 22. Bc4 Qxb6 23. Bxf7+ Kd8 24. Bxg8 Nxg8 25. Rad1 Nge7 26. Qxh6 Kc7
27. Qf4+ Kd8 28. Qd6 Qc7 29. Qf6 Kc8 30. Qf8+ Qd8 31. Qf6 Kb8 32. a5 Ka7 33. Qd6
Rc8 34. Qc5+ Ka8 35. Rb1 Qc7 36. Qc4 d5 37. Qb3 Rd8 38. Re6 Qd7 39. Ree1 Qc7 40.
Qd3 Nc8 41. c3 Nd6 42. h3 Nb5 43. hxg4 Ne5 44. Qxf5 Nc4 45. Rbd1 Nxc3 46. Rd3
Ne4 47. Qh5 Rg8 48. Rf3 Qc5 49. Qf7 Rd8 50. Qf5 Ncd2 51. Rfe3 1-0

[Event "Titled Tue 17th Jun Late"]
[Site "chess.com INT"]
[Date "2025.06.17"]
[Round "9"]
[White "Roebers, Eline"]
[Black "Bulgak, Damir"]
[Result "0-1"]
[WhiteTitle "IM"]
[BlackTitle "CM"]
[WhiteElo "2356"]
[BlackElo "2213"]
[WhiteFideId "1058401"]
[BlackFideId "13528882"]
[EventDate "2025.06.17"]

1. f4 e5 2. e4 d5 3. exd5 exf4 4. Nf3 Nf6 5. Bb5+ c6 6. dxc6 bxc6 7. Bc4 Bd6 8.
O-O O-O 9. d4 Qc7 10. c3 Nbd7 11. Nbd2 Nb6 12. Bb3 Bf5 13. Nh4 Bg4 14. Qc2 c5
15. dxc5 Bxc5+ 16. Kh1 a5 17. a4 Rae8 18. Ndf3 Ne4 19. Nd4 Qe7 20. Nhf5 Bxf5 21.
Nxf5 Qg5 22. Nd4 Ng3+ 23. Kg1 Nxf1 24. Kxf1 Bxd4 25. cxd4 Qh4 26. Qf2 Qxh2 27.
Bxf4 Qh1+ 28. Qg1 Qh4 29. Qf2 Qh5 30. Bd6 Qh1+ 31. Qg1 Qh4 32. Bxf8 Kxf8 33. g3
Qe4 34. Qf2 Qh1+ 35. Qg1 Qf3+ 36. Qf2 Qxb3 37. Re1 Rxe1+ 38. Kxe1 Qxa4 39. Qf4
Qb4+ 40. Kd1 Nd5 41. Qe5 Qb3+ 42. Kc1 f6 43. Qh5 h6 44. Qg4 Qc4+ 45. Kd2 Kf7 46.
Qh5+ Ke7 47. Qg4 Kf8 48. Qe4 Qb4+ 49. Kc2 Qc4+ 50. Kd2 Ne7 51. g4 Qd5 52. Qf4 h5
53. gxh5 Qxh5 54. Qc7 Qd5 55. Kd3 Kf7 56. Qf4 g5 57. Qg4 Qf5+ 58. Qxf5 Nxf5 59.
Ke4 Ne7 60. d5 Nxd5 61. Kxd5 g4 62. Ke4 f5+ 0-1

[Event "Titled Tue 17th Jun Late"]
[Site "chess.com INT"]
[Date "2025.06.17"]
[Round "9"]
[White "Shapiro, Daniel"]
[Black "Ferrara, Enzo"]
[Result "0-1"]
[WhiteTitle "FM"]
[WhiteElo "2284"]
[BlackElo "2138"]
[WhiteFideId "2001780"]
[BlackFideId "137731"]
[EventDate "2025.06.17"]

1. d4 f5 2. Bf4 Nf6 3. e3 d6 4. h3 g6 5. Nf3 Bg7 6. c4 O-O 7. Nc3 c6 8. Be2 Nbd7
9. Qc2 Qe8 10. O-O-O e5 11. dxe5 dxe5 12. Bh2 e4 13. Nd4 Ne5 14. Kb1 Nfd7 15. f4
Nf7 16. g4 Nc5 17. gxf5 Bxf5 18. Nxf5 gxf5 19. Rhg1 Rd8 20. Bg3 Qe7 21. Bf2 Kh8
22. Bh5 Nd3 23. Rg2 Nxf2 24. Rxf2 Rxd1+ 25. Nxd1 Nd6 26. Rg2 Qh4 27. Be2 Rd8 28.
Nf2 c5 29. Bf1 Ne8 30. Rg5 Nd6 31. Nd1 Qe1 32. Be2 Bf6 33. Rg2 Nf7 34. Bh5 Bg7
35. Kc1 Nd6 36. Re2 Qh1 37. Rd2 Qxh3 38. Be2 Qh6 39. Rd5 b6 40. Qd2 Qf6 41. Kb1
Nf7 42. Nc3 Rxd5 43. cxd5 Nd6 44. a4 Qg6 45. Nb5 Nxb5 46. Bxb5 Bf8 47. Bc4 Bd6
48. Qc3+ Qg7 49. Qd2 h5 50. Ka2 Qg6 51. Bf1 Kh7 52. Qh2 Kh6 53. Qh4 Bf8 0-1

[Event "Titled Tue 17th Jun Late"]
[Site "chess.com INT"]
[Date "2025.06.17"]
[Round "9"]
[White "Guliev, Gasan"]
[Black "Ferreira, Vitor Hugo Vieira"]
[Result "1-0"]
[WhiteTitle "CM"]
[WhiteElo "2123"]
[BlackElo "2128"]
[WhiteFideId "34165638"]
[BlackFideId "2119765"]
[EventDate "2025.06.17"]

1. e4 c5 2. Nf3 d6 3. Bb5+ Nd7 4. O-O a6 5. Bd3 Ngf6 6. c4 g6 7. Nc3 Bg7 8. Bc2
O-O 9. d4 b6 10. d5 Rb8 11. Bg5 b5 12. Qd2 bxc4 13. Rab1 Ng4 14. h3 Nge5 15.
Nxe5 Nxe5 16. f4 Nd3 17. Bxd3 cxd3 18. Qxd3 Qc7 19. f5 Bd4+ 20. Kh1 f6 21. Bh6
Rf7 22. Qg3 Be5 23. Bf4 Kh8 24. fxg6 Rg7 25. Bxe5 dxe5 26. d6 Qxd6 27. Rbd1 Qc7
28. Nd5 Qa5 29. Nxf6 exf6 30. Rxf6 Bd7 31. Qxe5 Re8 32. Qf4 Qd8 33. gxh7 Qe7 34.
Rf1 Rxh7 35. Rf8+ Rxf8 36. Qxf8+ Qxf8 37. Rxf8+ Kg7 38. Ra8 Bc6 39. Rxa6 Bxe4
40. Ra7+ Kg6 41. Rxh7 Kxh7 42. Kg1 Kg6 43. Kf2 Kf5 44. g4+ Kf4 45. a4 Bc6 46. a5
Bb5 47. b3 Ba6 48. Kg2 Bb5 49. Kf2 Bd3 50. Kg2 Bc2 51. a6 Bxb3 52. a7 Bd5+ 53.
Kf2 Bb7 54. Ke2 Ke4 55. Kd2 Kd4 56. g5 c4 57. g6 c3+ 58. Kc1 Kc5 59. g7 Bd5 60.
g8=Q Kb6 61. Qxd5 1-0

[Event "Titled Tue 17th Jun Late"]
[Site "chess.com INT"]
[Date "2025.06.17"]
[Round "9"]
[White "Danzer, George"]
[Black "Karas, Eugenia"]
[Result "0-1"]
[WhiteTitle "CM"]
[BlackTitle "WFM"]
[WhiteElo "2172"]
[BlackElo "2124"]
[WhiteFideId "4659465"]
[BlackFideId "463485"]
[EventDate "2025.06.17"]

1. e4 c5 2. Nf3 d6 3. d4 cxd4 4. Nxd4 Nf6 5. Nc3 a6 6. Bg5 e6 7. f4 h6 8. Bxf6
gxf6 9. Be2 Nc6 10. Nxc6 bxc6 11. Bf3 Qb6 12. Qd2 Rb8 13. Na4 Qb4 14. b3 Qxd2+
15. Kxd2 d5 16. Rae1 Kd8 17. exd5 cxd5 18. f5 Bd6 19. Kc1 Bd7 20. Nb2 Kc7 21.
Rd1 Rbc8 22. Kb1 Rhd8 23. Rd2 Bf4 24. Re2 e5 25. Bxd5 Bxf5 26. Bxf7 Kb8 27. Bc4
Ka7 28. Bd3 Bg4 29. Rf2 Rd6 30. g3 Be3 31. Rff1 Bb6 32. Bf5 Bxf5 33. Rxf5 Rd2
34. Nc4 Rf2 35. Rf1 Rxf1+ 36. Rxf1 Bd8 37. Rf5 Rc6 38. Kc1 Kb7 39. Kd2 Rc7 40.
Ke3 Rd7 41. Rf1 Kc6 42. Ke2 Rd4 43. Rd1 Rxd1 44. Kxd1 Kd5 45. Ke2 Ke4 46. c3 f5
47. Ne3 f4 48. gxf4 exf4 49. Nf1 f3+ 50. Kf2 Bb6+ 51. Kg3 f2 52. h4 Kd3 53. c4
a5 54. Kg4 Ke2 55. Ng3+ Ke1 56. Kh5 Bc7 0-1

[Event "Titled Tue 17th Jun Late"]
[Site "chess.com INT"]
[Date "2025.06.17"]
[Round "9"]
[White "Pakleza, Zbigniew"]
[Black "Barp, Alberto"]
[Result "1-0"]
[WhiteTitle "GM"]
[BlackTitle "IM"]
[WhiteElo "2484"]
[BlackElo "2414"]
[WhiteFideId "1119290"]
[BlackFideId "872555"]
[EventDate "2025.06.17"]

1. d4 d5 2. Nf3 e6 3. Bf4 Bd6 4. Bg3 Nd7 5. Nbd2 Ngf6 6. e3 Qe7 7. Ne5 O-O 8.
Bd3 b6 9. f4 Bb7 10. Qf3 c5 11. c3 Ne8 12. O-O g6 13. Bb5 Ndf6 14. Bh4 Qc7 15.
Bd3 Nd7 16. Qh3 Ng7 17. Bb5 Nb8 18. Ng4 Be7 19. Nf6+ Bxf6 20. Bxf6 a6 21. Ba4
Bc6 22. Bc2 Nd7 23. Bh4 f6 24. g4 e5 25. fxe5 fxe5 26. Bg3 Rae8 27. Nf3 cxd4 28.
exd4 Bb5 29. Rf2 Ne6 30. Nxe5 Rxf2 31. Kxf2 Nxe5 32. Bxe5 Rf8+ 33. Kg1 Qf7 34.
Qg3 Ng5 35. h4 Nf3+ 36. Kh1 Nxe5 37. dxe5 Qf2 38. Qxf2 Rxf2 39. Bb3 Bc4 40. Bxc4
dxc4 41. b3 Rf4 42. g5 Rxh4+ 43. Kg2 Rg4+ 44. Kf3 Rxg5 45. Ke4 cxb3 46. axb3 Kf7
47. Rxa6 Rg3 48. Rxb6 Rxc3 49. b4 h5 50. b5 h4 51. Rb7+ Ke6 52. Rb6+ Kf7 53.
Rf6+ Kg7 54. Rf3 Rc4+ 55. Kd5 Rc1 56. e6 1-0

[Event "Titled Tue 17th Jun Late"]
[Site "chess.com INT"]
[Date "2025.06.17"]
[Round "9"]
[White "Garcia Hernandez, Rebeca"]
[Black "Thake, Conrad"]
[Result "1-0"]
[WhiteTitle "WCM"]
[BlackTitle "CM"]
[WhiteElo "1904"]
[BlackElo "1873"]
[WhiteFideId "5180872"]
[BlackFideId "5602947"]
[EventDate "2025.06.17"]

1. Nf3 d5 2. g3 c6 3. Bg2 g6 4. O-O Bg7 5. d4 Nf6 6. Nbd2 O-O 7. b3 Bf5 8. Bb2
Ne4 9. Nh4 Nxd2 10. Qxd2 Bd7 11. e4 e6 12. e5 b6 13. c4 Qe7 14. a4 Na6 15. Ba3
c5 16. cxd5 exd5 17. Bxd5 Bh3 18. Bxa8 Rxa8 19. Qe2 Bxf1 20. Rxf1 Nb4 21. Bxb4
cxb4 22. Nf3 Rd8 23. Rc1 Bh6 24. Rc2 a5 25. Qc4 Qd7 26. Kg2 Bf8 27. Qc7 Qd5 28.
Qc6 h5 29. Qxd5 Rxd5 30. Rc6 b5 31. axb5 Rxb5 32. Ra6 Rd5 33. h4 Kg7 34. Kf1 Be7
35. Ke2 f5 36. Ke3 Rb5 37. Nd2 g5 38. hxg5 Bxg5+ 39. f4 Be7 40. Ra7 Kf8 41. Nc4
h4 42. gxh4 Bxh4 43. Rxa5 Rb8 44. Ra7 Be1 45. d5 Bc3 46. d6 Ke8 47. e6 Rd8 48.
d7+ Ke7 49. Ne5 Bxe5 50. fxe5 Kxe6 51. Kf4 Rf8 52. Ra6+ Kxd7 53. Rb6 Rc8 54.
Rxb4 Rc5 55. Kxf5 Rc3 56. Rb7+ Kc6 57. Rb8 Rf3+ 58. Ke6 1-0

[Event "Titled Tue 17th Jun Late"]
[Site "chess.com INT"]
[Date "2025.06.17"]
[Round "9"]
[White "Szpar, Milosz"]
[Black "Kislinsky, Alexey"]
[Result "1/2-1/2"]
[WhiteTitle "IM"]
[BlackTitle "GM"]
[WhiteElo "2495"]
[BlackElo "2341"]
[WhiteFideId "1184989"]
[BlackFideId "14108801"]
[EventDate "2025.06.17"]

1. e4 c6 2. d4 d5 3. exd5 cxd5 4. Bd3 Nc6 5. c3 Nf6 6. h3 g6 7. Nf3 Bf5 8. Be2
h6 9. Bf4 g5 10. Be5 e6 11. Qb3 Nxe5 12. dxe5 Nd7 13. Nd4 Bxb1 14. Nxe6 fxe6 15.
Bh5+ Ke7 16. Qb4+ Nc5 17. Qxc5+ Kd7 18. Qb5+ Kc7 19. Rxb1 a6 20. Qe2 Rc8 21. Bg4
Qe7 22. O-O Kb8 23. Rbc1 Bg7 24. c4 Rxc4 25. Rxc4 dxc4 26. Qxc4 Bxe5 27. Bxe6
Rf8 28. Bd5 Qc7 29. Qb3 Bd4 30. Bf3 Ka7 31. Rd1 Bb6 32. Qd5 Rd8 33. Qxd8 Qxd8
34. Rxd8 Bxd8 35. Kf1 b5 36. Ke2 Kb6 37. Kd3 Kc5 38. Ke4 Bf6 39. b3 Bd4 40. Kf5
Bxf2 41. Kg6 Kb4 42. Bb7 a5 43. Bc6 a4 44. bxa4 bxa4 45. Kxh6 Be3 46. Kh5 a3 47.
g3 Kc5 48. Ba4 Kd6 49. Kg4 Ke7 50. Bb3 Kf6 51. h4 gxh4 52. gxh4 Bc1 53. h5 Kg7
54. Kf5 Kh6 55. Bd1 Bb2 56. Bf3 Bc1 57. Bd1 Bb2 58. Ke4 Bc1 59. Kd3 Bb2 60. Kc2
Kg5 61. Kb1 Kh6 62. Be2 Kg5 63. Bd1 Kh6 64. Be2 Kg5 65. Bd1 1/2-1/2

[Event "Titled Tue 17th Jun Late"]
[Site "chess.com INT"]
[Date "2025.06.17"]
[Round "9"]
[White "Lisenkov, Svyatoslav"]
[Black "Khlebovich, Alexander"]
[Result "1/2-1/2"]
[WhiteTitle "CM"]
[BlackTitle "IM"]
[WhiteElo "2283"]
[BlackElo "2423"]
[WhiteFideId "34264183"]
[BlackFideId "4169123"]
[EventDate "2025.06.17"]

1. e4 c5 2. Nf3 d6 3. d4 cxd4 4. Nxd4 Nf6 5. Nc3 a6 6. Rg1 e5 7. Nb3 Be6 8. g4
d5 9. exd5 Nxd5 10. Nxd5 Qxd5 11. Qxd5 Bxd5 12. Be3 Nc6 13. O-O-O O-O-O 14. Bb6
Rd6 15. Rg3 Be6 16. Rxd6 Bxd6 17. Nc5 Bxc5 18. Bxc5 h5 19. g5 h4 20. Rd3 Bc4 21.
Bh3+ Be6 22. Bxe6+ fxe6 23. Rf3 Rd8 24. Bb6 Re8 25. Rf7 g6 26. Rf6 Ne7 27. Rxe6
Kd7 28. Rxe5 Rc8 29. Re4 Nf5 30. h3 Rc6 31. Be3 Rd6 32. Bf4 Rd5 33. c4 Rd3 34.
Be3 b5 35. c5 Rd5 36. b4 Nxe3 37. fxe3 Rxg5 38. Rxh4 Rg1+ 39. Kb2 Rg2+ 40. Kc3
Rxa2 41. Rg4 Ra3+ 42. Kd4 Rb3 43. Rxg6 Rxb4+ 44. Kd5 Rb3 45. Rg7+ Kd8 46. e4
Rxh3 47. e5 b4 48. Rb7 a5 49. e6 b3 50. c6 Rd3+ 51. Kc5 Rc3+ 52. Kd6 Rd3+ 53.
Ke5 Rc3 54. e7+ Ke8 55. Kd6 Rd3+ 56. Ke6 Re3+ 57. Kd6 Rd3+ 58. Kc5 Rc3+ 59. Kd5
a4 60. c7 b2 61. Rxb2 Rxc7 62. Kd6 Rd7+ 63. Kc6 Rxe7 64. Ra2 Re4 65. Kb5 Kd7 66.
Rxa4 Rxa4 67. Kxa4 1/2-1/2

[Event "Titled Tue 17th Jun Late"]
[Site "chess.com INT"]
[Date "2025.06.17"]
[Round "9"]
[White "Pranav, V"]
[Black "Schnaider, Ilan"]
[Result "1-0"]
[WhiteTitle "GM"]
[BlackTitle "IM"]
[WhiteElo "2595"]
[BlackElo "2388"]
[WhiteFideId "25060783"]
[BlackFideId "169013"]
[EventDate "2025.06.17"]

1. e4 e5 2. Nf3 Nc6 3. Nc3 Nf6 4. Bb5 Nd4 5. O-O Nxb5 6. Nxb5 c6 7. Nc3 d6 8. d4
Qc7 9. h3 Be7 10. a4 O-O 11. Bg5 Re8 12. Re1 b6 13. Qd3 a5 14. Rad1 Ba6 15. Qd2
Rad8 16. Bh4 Nd7 17. Bxe7 Rxe7 18. dxe5 Nxe5 19. Nd4 Bc8 20. f4 Nc4 21. Qc1 d5
22. e5 f6 23. e6 c5 24. Ndb5 Qc6 25. f5 d4 26. b3 Ne5 27. Qf4 Bb7 28. Qg3 Rde8
29. Ne4 Kh8 30. Nbd6 Rf8 31. Nxb7 Qxb7 32. Qh4 Qd5 33. Nf2 Nc6 34. Qf4 Ne5 35.
Re4 g5 36. Qg3 Nc6 37. Rf1 Qxf5 38. Qd6 Qg6 39. Qxc6 f5 40. Qd6 Rfe8 41. Re5
Rxe6 42. Rxe6 Qxe6 43. Qc7 f4 44. Nd3 Qe3+ 45. Kh1 g4 46. Qxf4 gxh3 47. Qxe3
hxg2+ 48. Kxg2 Rxe3 49. Nf4 Rc3 50. Rf2 Re3 51. Nd5 Re6 52. Kf1 Rd6 53. Nf4 Kg7
54. Ke2 h6 55. Kd3 1-0

[Event "Titled Tue 17th Jun Late"]
[Site "chess.com INT"]
[Date "2025.06.17"]
[Round "9"]
[White "Manvelyan, Mikayel"]
[Black "Nguyen, Ngoc Truong Son"]
[Result "0-1"]
[WhiteTitle "FM"]
[BlackTitle "GM"]
[WhiteElo "2362"]
[BlackElo "2600"]
[WhiteFideId "13310143"]
[BlackFideId "12401110"]
[EventDate "2025.06.17"]

1. e4 e5 2. Nf3 Nc6 3. Bb5 Nf6 4. O-O Nxe4 5. Re1 Nd6 6. Nxe5 Be7 7. Bf1 Nf5 8.
Nc3 d5 9. Nxc6 bxc6 10. d4 O-O 11. Ne2 Bf6 12. c3 Rb8 13. Nf4 g6 14. Nd3 Nd6 15.
Bh6 Re8 16. Qa4 Bd7 17. Rxe8+ Bxe8 18. Qc2 Bd7 19. Re1 Bf5 20. Qa4 Bxd3 21. Bxd3
Rxb2 22. Qxc6 Bg5 23. Bxg5 Qxg5 24. Qxc7 Qd2 25. Rf1 Qxd3 26. Qd8+ Kg7 27. Qxd6
Qe4 28. a4 Ra2 29. Qa6 Qe7 30. h3 h5 31. Qb5 Qd6 32. Re1 a6 33. Qb3 Rd2 34. g3
h4 35. g4 Qf4 36. Rf1 Qf3 37. Qb8 Re2 38. Qd6 Qxh3 39. Qxd5 Qxg4+ 40. Qg2 Qf5
41. Kh2 Rc2 42. Qh3 Rxf2+ 43. Rxf2 Qxf2+ 44. Qg2 Qf4+ 45. Kh3 g5 46. d5 f5 47.
c4 Kh6 48. c5 Kh5 49. Qe2+ g4+ 50. Kg2 h3+ 51. Kg1 Qd4+ 52. Qf2 Qxd5 53. c6 Qd1+
54. Kh2 Qd6+ 55. Kg1 Kg5 56. Qe3+ f4 57. Qc3 Qd1+ 58. Kf2 g3+ 59. Qxg3+ fxg3+
60. Kxg3 Qd6+ 61. Kxh3 Qxc6 0-1

[Event "Titled Tue 17th Jun Late"]
[Site "chess.com INT"]
[Date "2025.06.17"]
[Round "9"]
[White "Londono Lopez, Donaldo"]
[Black "Al-Tarboush, Ward"]
[Result "0-1"]
[WhiteTitle "FM"]
[BlackTitle "FM"]
[WhiteElo "2186"]
[BlackElo "2223"]
[WhiteFideId "4462009"]
[BlackFideId "7601450"]
[EventDate "2025.06.17"]

1. e4 e6 2. d4 d5 3. Nc3 Nf6 4. e5 Nfd7 5. f4 c5 6. Nf3 Nc6 7. Be3 a6 8. Qd2 b5
9. a3 Bb7 10. dxc5 Bxc5 11. Bxc5 Nxc5 12. b4 Ne4 13. Nxe4 dxe4 14. Qxd8+ Rxd8
15. Nd2 Nd4 16. O-O-O e3 17. Nb3 e2 18. Bxe2 Nxe2+ 19. Kb2 Nxf4 20. Nc5 Bxg2 21.
Rxd8+ Kxd8 22. Rd1+ Bd5 23. Nxa6 h5 24. c4 bxc4 25. b5 Nd3+ 26. Kc3 Nxe5 27. a4
Kd7 28. a5 Kd6 29. b6 Kc6 30. Rb1 Nd3 31. b7 Nf4 32. Rb6+ Kd7 33. b8=Q Rxb8 34.
Nxb8+ Kc7 35. Na6+ Kd7 36. Nb4 Be4 37. a6 Kc7 38. Rb5 f5 39. a7 g5 40. Na6+ Kd6
41. Nc5 Bc6 42. Nb7+ Kc7 43. a8=Q Bxb5 44. Qa5+ Kxb7 45. Qxb5+ Kc7 46. Qe5+ Kd7
47. Qg7+ Kd6 48. Qxg5 Ke5 49. Kxc4 Ke4 50. Qd8 e5 51. Qd7 h4 52. Qb7+ Ke3 53.
Qf7 Ke4 54. Qh7 h3 55. Qh4 Kf3 56. Qg3+ Ke4 57. Qg5 Nd5 58. Qh4+ f4 59. Qxh3
Ne3+ 60. Kc3 f3 61. Qg3 f2 62. Qh4+ Kf3 63. Qg3+ Ke2 0-1

[Event "Titled Tue 17th Jun Late"]
[Site "chess.com INT"]
[Date "2025.06.17"]
[Round "9"]
[White "Wu, William"]
[Black "Ngo, Quang Thai"]
[Result "1/2-1/2"]
[BlackTitle "FM"]
[WhiteElo "1998"]
[BlackElo "2326"]
[WhiteFideId "39940411"]
[BlackFideId "12403768"]
[EventDate "2025.06.17"]

1. e4 c5 2. Nf3 e6 3. d4 cxd4 4. Nxd4 Nf6 5. Nc3 Nc6 6. Ndb5 Bc5 7. Nd6+ Ke7 8.
Bf4 e5 9. Nf5+ Kf8 10. Bg5 d6 11. Ne3 Be6 12. Be2 h6 13. Bxf6 Qxf6 14. Ncd5 Qd8
15. O-O g6 16. c3 Kg7 17. Kh1 Rf8 18. f4 exf4 19. Rxf4 Ne5 20. Rf1 Qg5 21. Qc1
Rad8 22. b4 Bxe3 23. Qxe3 Qxe3 24. Nxe3 Rc8 25. Rac1 Bxa2 26. c4 a6 27. Rfd1
Rfd8 28. Rc3 b5 29. Ra1 Bxc4 30. Nxc4 bxc4 31. Rxa6 Rb8 32. Ra4 Rdc8 33. h3 Kf6
34. Kg1 Ke7 35. Kf2 Rb7 36. Ke3 Rcb8 37. Bxc4 Rxb4 38. Ra7+ R8b7 39. Rxb7+ Rxb7
40. Bd5 Rb2 41. g4 g5 42. Rc7+ Kf6 43. Kd4 Rh2 44. Rc3 Rf2 45. Bb3 Rf3 46. Rxf3+
Nxf3+ 47. Kd5 Ke7 48. Bc4 f6 49. Be2 Ng1 50. Bf1 Nf3 51. Bg2 Ne5 52. Bf1 Ng6 53.
Kd4 Nf4 54. Ke3 Ke6 55. Kd4 Kd7 56. Bb5+ Kc7 57. Bf1 Kc6 58. Kc4 Kd7 59. Kd4 Ke6
60. Bc4+ Ke7 61. Bf1 Kf7 62. Kc4 Kg6 63. Kb5 Kf7 64. Kc6 Ke6 65. Bc4+ Ke5 66.
Bf1 Kxe4 67. Kxd6 Kf3 68. Ke7 Kf2 69. Bc4 Nxh3 70. Kxf6 Kg3 71. Be6 Nf4 72. Bf5
Kh4 73. Kg7 h5 74. gxh5 Kxh5 75. Kf6 g4 76. Bxg4+ 1/2-1/2

[Event "Titled Tue 17th Jun Late"]
[Site "chess.com INT"]
[Date "2025.06.17"]
[Round "9"]
[White "Caprio, Guido"]
[Black "Toktomushev, Teimur"]
[Result "1-0"]
[WhiteTitle "IM"]
[BlackTitle "FM"]
[WhiteElo "2435"]
[BlackElo "2390"]
[WhiteFideId "834580"]
[BlackFideId "14176726"]
[EventDate "2025.06.17"]

1. d4 d5 2. Nf3 Nf6 3. c4 e6 4. e3 Be7 5. Nc3 O-O 6. b3 b6 7. Bb2 Bb7 8. Bd3
Nbd7 9. O-O c5 10. cxd5 Nxd5 11. Nxd5 Bxd5 12. e4 Bb7 13. Qe2 cxd4 14. Nxd4 Bf6
15. Rad1 Qe7 16. f4 e5 17. Nf5 Qc5+ 18. Kh1 exf4 19. Bxf6 Nxf6 20. e5 Rfe8 21.
Rde1 Rad8 22. Bb5 Re6 23. Rxf4 Nd5 24. Rd4 g6 25. Nh6+ Kg7 26. Qf2 Kxh6 27. Rf1
Re7 28. Bc4 Rdd7 29. e6 Rxe6 30. b4 Qc7 31. Qd2+ Kg7 32. Bxd5 Red6 33. Qf4 Rxd5
34. Qf6+ Kg8 35. Re4 Rd8 36. Re7 Qxe7 37. Qxe7 R5d7 38. Qf6 Bd5 39. h4 Rc8 40.
h5 Rc2 41. h6 Bxg2+ 42. Kg1 Kf8 43. Re1 Be4 44. Qg7+ Ke7 45. Rxe4+ Kd6 46. Qe5+
Kc6 47. Rd4 Rc1+ 48. Kg2 Rc2+ 49. Kg3 Rc3+ 50. Kg4 f5+ 51. Kg5 Rg3+ 52. Qxg3
Rxd4 53. Qc3+ Kd5 54. Kf6 Rh4 55. b5 f4 56. Qc6+ Kd4 57. Qd7+ Ke3 58. Kg5 Rh1
59. Qe6+ Kf2 60. Kxf4 Rxh6 61. Qe3+ Kg2 62. Qg3+ Kh1 63. Kf3 g5 64. Qg2# 1-0

[Event "Titled Tue 17th Jun Late"]
[Site "chess.com INT"]
[Date "2025.06.17"]
[Round "9"]
[White "Yilmaz, Mustafa"]
[Black "Ilinca, Felix-Antonio"]
[Result "1-0"]
[WhiteTitle "GM"]
[BlackTitle "IM"]
[WhiteElo "2586"]
[BlackElo "2431"]
[WhiteFideId "6302718"]
[BlackFideId "54764998"]
[EventDate "2025.06.17"]

1. e4 c6 2. d4 d5 3. exd5 cxd5 4. Bd3 Nc6 5. c3 Nf6 6. Bf4 Bg4 7. Ne2 e6 8. O-O
Bd6 9. Bxd6 Qxd6 10. Nd2 O-O 11. Qb1 Bxe2 12. Bxe2 e5 13. dxe5 Nxe5 14. Rd1 Rfe8
15. Nf1 Rad8 16. Qc2 a6 17. Ne3 Qc5 18. Qa4 Nc6 19. Bf3 b5 20. Qf4 Ne5 21. Rd4
Nc6 22. Rdd1 Ne5 23. Nf5 Nxf3+ 24. Qxf3 Ne4 25. Rd4 Re5 26. Rad1 Rde8 27. h4 a5
28. a3 f6 29. R1d3 Rd8 30. Qg4 g6 31. Ne3 Kg7 32. Qf3 h5 33. Nxd5 Rdxd5 34. Rxd5
Rxd5 35. Qxe4 Re5 36. Rd7+ Kf8 37. Qxg6 Re1+ 38. Kh2 Qe5+ 39. Qg3 Qxg3+ 40. Kxg3
Re2 41. b4 Ra2 42. Rd5 Rxa3 43. Rxb5 Rxc3+ 44. f3 axb4 45. Rxh5 b3 46. Rb5 Kg7
47. Kg4 Rc2 48. g3 b2 49. f4 Kg6 50. h5+ Kh6 51. Rb6 Kg7 52. Kh3 Kh6 53. Rxf6+
Kg7 54. Rg6+ Kh7 55. Rb6 Kg7 56. Kg4 Kf7 57. h6 Kg8 58. Kh5 Kh8 59. g4 Kh7 60.
Rb7+ Kh8 61. f5 Rc1 62. Rb8+ Kh7 63. Rb7+ Kh8 64. Rxb2 Rh1+ 65. Kg5 Kh7 66. Rb7+
Kh8 67. Kg6 1-0